NLSUI OPAC header image

Water wars : (Record no. 613)

MARC details
000 -LEADER
fixed length control field 01260cam a22003494a 4500
001 - CONTROL NUMBER
control field 12640682
005 - DATE AND TIME OF LATEST TRANSACTION
control field 20260424063841.0
008 - FIXED-LENGTH DATA ELEMENTS--GENERAL INFORMATION
fixed length control field 020110s2002 mauab b 001 0 eng
010 ## - LIBRARY OF CONGRESS CONTROL NUMBER
LC control number 2002100340
020 ## - INTERNATIONAL STANDARD BOOK NUMBER
International Standard Book Number 089608650X
035 ## - SYSTEM CONTROL NUMBER
System control number 12640682
035 ## - SYSTEM CONTROL NUMBER
System control number (DLC) 2002100340
040 ## - CATALOGING SOURCE
Original cataloging agency DLC
Transcribing agency DLC
Modifying agency DLC
042 ## - AUTHENTICATION CODE
Authentication code pcc
082 ## - DEWEY DECIMAL CLASSIFICATION NUMBER
Classification number 333.91 SHI
100 1# - MAIN ENTRY--PERSONAL NAME
Personal name Shiva, Vandana
245 10 - TITLE STATEMENT
Title Water wars :
Remainder of title privatization, pollution and profit /
Statement of responsibility, etc. Vandana Shiva.
260 ## - PUBLICATION, DISTRIBUTION, ETC.
Place of publication, distribution, etc. New Delhi :
Name of publisher, distributor, etc. India Research Press,
Date of publication, distribution, etc. 2002.
300 ## - PHYSICAL DESCRIPTION
Extent xvi, 156 p. :
Other physical details ill. ;
Dimensions 23 cm.
365 ## - TRADE PRICE
Price amount Rs. 245
504 ## - BIBLIOGRAPHY, ETC. NOTE
Bibliography, etc. note Includes bibliographical references and index.
650 #0 - SUBJECT ADDED ENTRY--TOPICAL TERM
Topical term or geographic name entry element Water-supply
General subdivision Economic aspects.
650 #0 - SUBJECT ADDED ENTRY--TOPICAL TERM
Topical term or geographic name entry element Water-supply
General subdivision Political aspects.
650 #0 - SUBJECT ADDED ENTRY--TOPICAL TERM
Topical term or geographic name entry element Water resources development
General subdivision Economic aspects.
650 #0 - SUBJECT ADDED ENTRY--TOPICAL TERM
Topical term or geographic name entry element Water rights.
650 #0 - SUBJECT ADDED ENTRY--TOPICAL TERM
Topical term or geographic name entry element Water
General subdivision Pollution.
856 41 - ELECTRONIC LOCATION AND ACCESS
Materials specified Table of contents
Uniform Resource Identifier <a href="http://www.loc.gov/catdir/toc/fy046/2002100340.html">http://www.loc.gov/catdir/toc/fy046/2002100340.html</a>
906 ## - LOCAL DATA ELEMENT F, LDF (RLIN)
a 7
b cbc
c orignew
d 2
e epcn
f 20
g y-gencatlg
942 ## - ADDED ENTRY ELEMENTS (KOHA)
Source of classification or shelving scheme Dewey Decimal Classification
Koha item type BOOKs
Holdings
Withdrawn status Lost status Damaged status Not for loan Home library Current library Shelving location Date acquired Cost, normal purchase price Total Checkouts Full call number Barcode Date last seen Price effective from Koha item type
        . .   30.05.2017 245.00   333.91 SHI-2 17756 14.06.2024 30.05.2017 BOOKs
        . .   30.05.2017 245.00   333.91 SHI 17270 30.05.2017 30.05.2017 BOOKs